000
00344nam a2200133Ia 4500
008
230724s2007 xx und d
020
_a
97800000000000
041
_a
eng
082
_a
727.047/R
100
_a
FORD.A.
245
_a
DESIGNING THE SUSTAINABLE SCHOOL
260
_b
THE IMAGES PUBLISHING,PVT.LTD,AUSTRALIA
_c
2007
300
_a
256
999
_c
1177005
_d
1177005